[Event "25. Offene Herner Stadtmeisterschaft 2024"]
[Site "Herne-Sodingen"]
[Date "2024.02.19"]
[Round "3.2"]
[White "Kiese, Matthias"]
[Black "Müller-Kreth, Kai"]
[Result "1/2-1/2"]
[WhiteElo "2120"]
[BlackElo "1754"]
[PlyCount "59"]
[EventDate "2024.??.??"]
[WhiteTeam "Bochumer SV 02"]
[BlackTeam "SK Sodingen/Castrop 24/23 e. V."]

1. d4 Nf6 2. Nf3 e6 3. Bg5 d5 4. Nbd2 Be7 5. e3 O-O 6. Bd3 Nbd7 7. O-O b6 8. e4 dxe4 9. Nxe4 Bb7 10. Qe2 Rc8 11. Rad1 Nxe4 12. Bxe7 Qxe7 13. Bxe4 Bxe4 14. Qxe4 Nf6 15. Qe2 Rfd8 16. c4 c6 17. Rd3 Qc7 18. Rfd1 h6 19. g3 Rd6 20. b4 Rcd8 21. a4 Qb7 22. b5 cxb5 23. axb5 a5 24. bxa6 Qxa6 25. Rb3 Rc8 26. Ne5 Nd7 27. Nxd7 Rxd7 28. Rb4 Rdc7 29. Qb2 Rxc4 30. Rxb6 1/2-1/2

[Event "25. Offene Herner Stadtmeisterschaft 2024"]
[Site "Herne-Sodingen"]
[Date "2024.02.19"]
[Round "3.3"]
[White "Winzbeck, Frank"]
[Black "Ribbeheger, Edgar"]
[Result "0-1"]
[WhiteElo "1850"]
[BlackElo "1971"]
[PlyCount "70"]
[EventDate "2024.??.??"]
[WhiteTeam "SC Buer-Hassel 1919 e. V."]
[BlackTeam "SK Sodingen/Castrop 24/23 e. V."]

1. d4 d5 2. Nf3 e6 3. c4 Nf6 4. Nc3 c6 5. Bg5 Be7 6. e3 h6 7. Bh4 O-O 8. Bd3 dxc4 9. Bxc4 b5 10. Bb3 Bb7 11. O-O Nbd7 12. Rc1 Rc8 13. Qe2 a5 14. a3 a4 15. Bc2 Re8 16. Rfd1 Qa5 17. e4 b4 18. axb4 Bxb4 19. Bxf6 Nxf6 20. e5 Ba6 21. Qe3 Nd5 22. Qe4 f5 23. exf6 Nxf6 24. Qg6 Bxc3 25. bxc3 Be2 26. Re1 Bxf3 27. gxf3 a3 28. Bb3 a2 29. Rxe6 Kh8 30. Rxf6 a1=Q 31. Rxa1 Qxa1+ 32. Kg2 Re1 33. Kh3 Rg1 34. Qd3 gxf6 35. Bc4 Qb1 0-1

[Event "25. Offene Herner Stadtmeisterschaft 2024"]
[Site "Herne-Sodingen"]
[Date "2024.02.19"]
[Round "3.4"]
[White "Schmidt, Ralph"]
[Black "Quast, Marcel"]
[Result "1/2-1/2"]
[WhiteElo "1825"]
[BlackElo "2156"]
[PlyCount "60"]
[EventDate "2024.??.??"]
[WhiteTeam "SV Bochum-Linden-Dahlh"]
[BlackTeam "SC Gerthe 46 - Werne"]

1. e4 Nf6 2. Nc3 d5 3. exd5 Nxd5 4. Bc4 c6 5. Nge2 e5 6. d4 Be6 7. Bb3 Nxc3 8. bxc3 Bxb3 9. cxb3 Nd7 10. O-O Be7 11. Re1 O-O 12. Be3 Bf6 13. dxe5 Nxe5 14. Qxd8 Rfxd8 15. Red1 b6 16. Rac1 c5 17. Nf4 Bg5 18. Nd5 Bxe3 19. Nxe3 g6 20. Kf1 f5 21. Rxd8+ Rxd8 22. Rd1 Re8 23. h3 Kf7 24. f4 Nc6 25. Nc4 Kf6 26. Kf2 Re6 27. Rd7 Re7 28. Rd6+ Re6 29. Rd7 Re7 30. Rd6+ Re6 1/2-1/2

[Event "25. Offene Herner Stadtmeisterschaft 2024"]
[Site "Herne-Sodingen"]
[Date "2024.02.19"]
[Round "3.5"]
[White "Kleinert, Andreas"]
[Black "Hahn, Matthias"]
[Result "0-1"]
[WhiteElo "1805"]
[BlackElo "2122"]
[PlyCount "58"]
[EventDate "2024.??.??"]
[WhiteTeam "SC Buer-Hassel 1919 e. V."]
[BlackTeam "SV Bochum-Linden-Dahlh"]

1. c4 e6 2. g3 d5 3. b3 Nf6 4. Nf3 d4 5. e3 c5 6. exd4 cxd4 7. d3 Nc6 8. Bg2 e5 9. O-O Bd6 10. Na3 O-O 11. Nc2 Re8 12. Re1 a5 13. a3 Bg4 14. Rb1 Qd7 15. b4 axb4 16. axb4 Rac8 17. b5 Nd8 18. Qd2 h6 19. Na1 Bf5 20. Nb3 Rxc4 21. dxc4 Bxb1 22. Bb2 Bf5 23. Ra1 Ne6 24. Bf1 Nc5 25. Nxc5 Bxc5 26. Qd1 Bg4 27. Qb3 e4 28. Ne1 d3 29. h3 Qf5 0-1

[Event "25. Offene Herner Stadtmeisterschaft 2024"]
[Site "Herne-Sodingen"]
[Date "2024.02.19"]
[Round "3.6"]
[White "Meier, Jan"]
[Black "Lang, Daniel"]
[Result "1/2-1/2"]
[WhiteElo "1781"]
[BlackElo "2098"]
[PlyCount "38"]
[EventDate "2024.??.??"]
[WhiteTeam "SV Waltrop 1922 e. V."]
[BlackTeam "SV Wattenscheid 1930 e"]

1. b3 d6 2. Bb2 e5 3. e3 Nc6 4. Nc3 Nf6 5. d4 exd4 6. exd4 d5 7. Nf3 Bg4 8. Be2 Bb4 9. O-O Bxf3 10. Bxf3 Ne7 11. a3 Bd6 12. Nb5 Bf4 13. c4 c6 14. Nc3 O-O 15. g3 Bh6 16. Qc2 g6 17. Rad1 Re8 18. Rfe1 Qd7 19. Bc1 Bxc1 1/2-1/2

[Event "25. Offene Herner Stadtmeisterschaft 2024"]
[Site "Herne-Sodingen"]
[Date "2024.02.19"]
[Round "3.7"]
[White "Hammerich, Simon"]
[Black "Gregoritsch, Dirk"]
[Result "1/2-1/2"]
[WhiteElo "2052"]
[BlackElo "1766"]
[PlyCount "61"]
[EventDate "2024.??.??"]
[WhiteTeam "SC Buer-Hassel 1919 e. V."]
[BlackTeam "SV Unser Fritz Wanne-E"]

1. d4 Nf6 2. c4 d6 3. Nc3 g6 4. e4 Bg7 5. Nf3 O-O 6. Be2 c5 7. d5 Na6 8. h3 Nc7 9. O-O a6 10. a4 e6 11. Bg5 h6 12. Bh4 g5 13. Bg3 e5 14. Nh2 Bd7 15. h4 Nh7 16. hxg5 hxg5 17. a5 Ne8 18. Qb3 Qc7 19. Na4 Nef6 20. Nb6 Nxe4 21. Nxa8 Rxa8 22. Qc2 f5 23. Bd3 Nhf6 24. Rfe1 Nxg3 25. fxg3 e4 26. Be2 Re8 27. Nf1 Qd8 28. Qd2 Nh7 29. Ne3 Bd4 30. Kf1 Qf6 31. Nc2 1/2-1/2

[Event "25. Offene Herner Stadtmeisterschaft 2024"]
[Site "Herne-Sodingen"]
[Date "2024.02.19"]
[Round "3.8"]
[White "Trzaska, Peter"]
[Black "Gausmann, Thomas"]
[Result "1-0"]
[WhiteElo "2029"]
[BlackElo "1772"]
[PlyCount "43"]
[EventDate "2024.??.??"]
[WhiteTeam "SV Erkenschwick 1923 e"]
[BlackTeam "SG Bochum 1931"]

1. c4 e6 2. Nf3 d5 3. d4 Nf6 4. Nbd2 Be7 5. Qc2 O-O 6. g3 dxc4 7. Nxc4 c5 8. dxc5 Bxc5 9. Bg2 Nc6 10. O-O Qc7 11. Bf4 Qe7 12. Rac1 Nd5 13. Bd2 Bb4 14. Bg5 f6 15. e4 fxg5 16. exd5 exd5 17. Ne3 d4 18. Nd5 Qd8 19. Nxb4 Nxb4 20. Qc4+ Nd5 21. Nxd4 Kh8 22. Bxd5 1-0

[Event "25. Offene Herner Stadtmeisterschaft 2024"]
[Site "Herne-Sodingen"]
[Date "2024.02.19"]
[Round "3.9"]
[White "Callenberg, Ralf"]
[Black "Schatte, Michael"]
[Result "1-0"]
[WhiteElo "2008"]
[BlackElo "1743"]
[PlyCount "49"]
[EventDate "2024.??.??"]
[WhiteTeam "Recklinghäuser SV Süd/"]
[BlackTeam "vereinslos"]

1. c4 g6 2. g3 Bg7 3. Bg2 c5 4. Nc3 Nc6 5. d3 Nf6 6. e4 e5 7. Nge2 d6 8. h3 h6 9. O-O g5 10. a3 Bd7 11. Rb1 Rb8 12. b4 b6 13. Nb5 Be6 14. f4 gxf4 15. gxf4 a6 16. f5 Bc8 17. Nbc3 a5 18. bxa5 Nxa5 19. Bf3 Ba6 20. Ng3 Rg8 21. Kh2 Bf8 22. Rg1 Nc6 23. Qa4 Qc8 24. Nd5 Nd7 25. Qxa6 1-0

[Event "25. Offene Herner Stadtmeisterschaft 2024"]
[Site "Herne-Sodingen"]
[Date "2024.02.19"]
[Round "3.10"]
[White "Morawietz, Manuel"]
[Black "Klein, Andreas"]
[Result "1-0"]
[WhiteElo "1991"]
[BlackElo "1735"]
[PlyCount "67"]
[EventDate "2024.??.??"]
[WhiteTeam "SV Unna 1924"]
[BlackTeam "SC Buer-Hassel 1919 e. V."]

1. d4 d6 2. e4 c6 3. Nc3 Qc7 4. f4 g6 5. Nf3 Bg7 6. e5 Bg4 7. h3 Bxf3 8. Qxf3 Nd7 9. Be3 e6 10. Ne4 Bf8 11. O-O-O d5 12. Nd2 O-O-O 13. Kb1 Qb6 14. Bd3 c5 15. c3 Kb8 16. Bc2 Rc8 17. g4 c4 18. Ka1 Qa5 19. f5 gxf5 20. gxf5 Nh6 21. fxe6 fxe6 22. Qh5 Ba3 23. Bxh6 Rc6 24. Qf3 Bxb2+ 25. Kxb2 Rb6+ 26. Nb3 Rc8 27. Rb1 Rb5 28. Bd2 Nb6 29. Kc1 cxb3 30. axb3 Qa3+ 31. Kd1 Qa2 32. Qd3 Nc4 33. bxc4 dxc4 34. Qxh7 1-0

[Event "25. Offene Herner Stadtmeisterschaft 2024"]
[Site "Herne-Sodingen"]
[Date "2024.02.19"]
[Round "3.11"]
[White "Boxberg, Olaf"]
[Black "Reinholz, Benjamin"]
[Result "1-0"]
[WhiteElo "1746"]
[BlackElo "1981"]
[PlyCount "79"]
[EventDate "2024.??.??"]
[WhiteTeam "SV Datteln 1924"]
[BlackTeam "SK Sodingen/Castrop 24/23 e. V."]

1. Nf3 c5 2. e4 Nc6 3. d3 d5 4. Nbd2 Bg4 5. c3 e6 6. Be2 Nf6 7. Qc2 Bd6 8. O-O Qc7 9. Re1 O-O-O 10. a3 g5 11. g3 h5 12. Nf1 Bxf3 13. Bxf3 Rdg8 14. b4 Ne5 15. Bg2 c4 16. dxc4 dxc4 17. Rd1 h4 18. Be3 hxg3 19. hxg3 b6 20. a4 g4 21. Qe2 Nfd7 22. Bd4 a6 23. Ra2 Rh7 24. Rad2 Be7 25. Be3 Nd3 26. Bd4 Bg5 27. Rxd3 cxd3 28. Qxd3 Nb8 29. e5 Rhg7 30. a5 bxa5 31. bxa5 Qxa5 32. Rb1 f5 33. Qc4+ Qc7 34. Qxe6+ Nd7 35. Qxa6+ Kd8 36. Rb7 Qc8 37. e6 Rg6 38. Rxd7+ Ke8 39. Bc6 Rxe6 40. Rd8+ 1-0

[Event "25. Offene Herner Stadtmeisterschaft 2024"]
[Site "Herne-Sodingen"]
[Date "2024.02.19"]
[Round "3.12"]
[White "Dlouhy, Peter"]
[Black "Cobanoglu, Ferhat"]
[Result "0-1"]
[WhiteElo "1729"]
[BlackElo "1951"]
[PlyCount "52"]
[EventDate "2024.??.??"]
[WhiteTeam "SV Unser Fritz Wanne-E"]
[BlackTeam "SK Sodingen/Castrop 24/23 e. V."]

1. d4 d6 2. Nc3 Nf6 3. Bf4 g6 4. e3 Bg7 5. h4 h6 6. Be2 O-O 7. g4 Nfd7 8. g5 e5 9. gxh6 Bf6 10. Bg3 exd4 11. exd4 Nc6 12. Nf3 Re8 13. Nd5 Bh8 14. h5 g5 15. Qd2 g4 16. Ng5 Nxd4 17. h7+ Kf8 18. Ne4 Rxe4 19. Qh6+ Ke8 20. Bh4 Nf3+ 21. Kd1 Nxh4 22. Rxh4 Qxh4 23. Nxc7+ Ke7 24. Nd5+ Kd8 25. Qxd6 Qh1+ 26. Kd2 Rd4+ 0-1

[Event "25. Offene Herner Stadtmeisterschaft 2024"]
[Site "Herne-Sodingen"]
[Date "2024.02.19"]
[Round "3.13"]
[White "Winterkamp, Sascha"]
[Black "Feldhaus, Thomas"]
[Result "1-0"]
[WhiteElo "1925"]
[BlackElo "1710"]
[PlyCount "89"]
[EventDate "2024.??.??"]
[WhiteTeam "SK Sodingen/Castrop 24/23 e. V."]
[BlackTeam "Recklinghäuser SV Süd/"]

1. d4 e6 2. Nf3 d5 3. c3 Nf6 4. Bg5 Be7 5. Nbd2 Nbd7 6. e3 b6 7. Bd3 Bb7 8. Bxf6 Nxf6 9. Ne5 O-O 10. O-O c5 11. a4 cxd4 12. exd4 Qc8 13. Qe2 a5 14. Rfe1 Ba6 15. Bb5 Bd6 16. Ndf3 Bxb5 17. axb5 Qc7 18. Rac1 Qb7 19. Qd3 Rac8 20. Rc2 h6 21. Nc6 Rc7 22. Nfe5 Nd7 23. f4 Nb8 24. f5 exf5 25. Qxf5 Qc8 26. Qf3 Bxe5 27. Nxe5 Qd8 28. Rce2 Qd6 29. Ng4 Nd7 30. Ne3 Nf6 31. Nf5 Qd8 32. Qg3 Nh5 33. Qe5 Nf6 34. Re3 Kh7 35. Rf1 Re8 36. Qg3 Rg8 37. Qf4 g5 38. Qf3 Rg6 39. Ng3 Rd7 40. Qf5 Kg7 41. Qe5 Kh7 42. Ref3 Re7 43. Qf5 Kg8 44. Qc2 Qe8 45. Rxf6 1-0

[Event "25. Offene Herner Stadtmeisterschaft 2024"]
[Site "Herne-Sodingen"]
[Date "2024.02.19"]
[Round "3.14"]
[White "Rohloff, Markus"]
[Black "Rath, Michael"]
[Result "1-0"]
[WhiteElo "1896"]
[BlackElo "1673"]
[PlyCount "59"]
[EventDate "2024.??.??"]
[WhiteTeam "SV Rot-Weiß-Altenessen"]
[BlackTeam "SV Königsspringer Halt"]

1. e4 d5 2. exd5 Nf6 3. Nc3 Bg4 4. Be2 h5 5. Nf3 c6 6. dxc6 Nxc6 7. d4 Qb6 8. d5 O-O-O 9. O-O e6 10. Be3 Qa5 11. Qc1 exd5 12. Nd4 Nxd4 13. Bxd4 Bc5 14. Bxf6 gxf6 15. Bxg4+ hxg4 16. Qf4 Qc7 17. Qxg4+ Kb8 18. g3 Rdg8 19. Qf3 f5 20. Nb5 Qd7 21. b4 Bb6 22. Qf4+ Ka8 23. a4 Rg4 24. Qf3 f4 25. a5 fxg3 26. axb6 gxf2+ 27. Kh1 Rg1+ 28. Rxg1 fxg1=Q+ 29. Kxg1 Rg8+ 30. Kh1 1-0

[Event "25. Offene Herner Stadtmeisterschaft 2024"]
[Site "Herne-Sodingen"]
[Date "2024.02.19"]
[Round "3.15"]
[White "von Blumenthal, Nikolaus"]
[Black "Klüting, Reiner"]
[Result "0-1"]
[WhiteElo "1498"]
[BlackElo "1861"]
[PlyCount "46"]
[EventDate "2024.??.??"]
[WhiteTeam "SV Zeppelin Herne e.V."]
[BlackTeam "SV Wattenscheid 1930 e"]

1. e4 c5 2. Bc4 Nc6 3. Nc3 e6 4. Nf3 a6 5. a4 Nf6 6. O-O d5 7. exd5 exd5 8. Ba2 Bg4 9. Qe1+ Be7 10. Ne5 Bf5 11. d3 Nd4 12. Qd1 h6 13. f4 h5 14. Be3 Ne6 15. Ne2 h4 16. Bd2 Qd6 17. Kh1 Nh5 18. h3 g5 19. Ng4 Bxg4 20. hxg4 Ng3+ 21. Nxg3 hxg3+ 22. Kg1 Nxf4 23. Qf3 Rh1+ 0-1

[Event "25. Offene Herner Stadtmeisterschaft 2024"]
[Site "Herne-Sodingen"]
[Date "2024.02.19"]
[Round "3.16"]
[White "Kramer, Martin"]
[Black "Gritzan, Ulrich"]
[Result "0-1"]
[WhiteElo "1623"]
[BlackElo "1838"]
[PlyCount "48"]
[EventDate "2024.??.??"]
[WhiteTeam "Dortmunder SV 1875"]
[BlackTeam "SC Buer-Hassel 1919 e. V."]

1. Nf3 Nf6 2. c4 c5 3. Nc3 Nc6 4. e3 e6 5. d4 d5 6. cxd5 Nxd5 7. Bd3 b6 8. a3 Bb7 9. O-O Be7 10. Qc2 g6 11. Rd1 cxd4 12. exd4 O-O 13. Bh6 Re8 14. Ne4 Rc8 15. Qd2 Nf6 16. Nxf6+ Bxf6 17. Be4 Re7 18. Rac1 Rd7 19. Qf4 e5 20. Qg3 Nxd4 21. Nxd4 Bxe4 22. Qg4 Rxd4 23. Rxc8 Rxd1+ 24. Qxd1 Qxc8 0-1

[Event "25. Offene Herner Stadtmeisterschaft 2024"]
[Site "Herne-Sodingen"]
[Date "2024.02.19"]
[Round "3.17"]
[White "Melmer, Felix"]
[Black "Tolksdorf, Jürgen"]
[Result "1/2-1/2"]
[WhiteElo "1969"]
[BlackElo "1641"]
[PlyCount "60"]
[EventDate "2024.??.??"]
[WhiteTeam "SC Gerthe 46 - Werne"]
[BlackTeam "SV Günnigfeld 1922 e."]

1. d4 b6 2. e4 e6 3. Bd3 Bb7 4. Nf3 Nf6 5. Qe2 Nc6 6. c3 h6 7. Bf4 g5 8. Bg3 Nh5 9. Nbd2 Nxg3 10. hxg3 Qe7 11. Rh5 Bg7 12. Nh2 O-O-O 13. a4 d5 14. e5 f6 15. f4 f5 16. Nhf1 Qf7 17. Ne3 Rdg8 18. Rh1 Bf8 19. a5 gxf4 20. gxf4 Qg6 21. axb6 axb6 22. Rh3 Be7 23. Ba6 Bxa6 24. Qxa6+ Kd7 25. Nf3 Ra8 26. Qxa8 Rxa8 27. Rxa8 Na5 28. Kf2 Qg7 29. Rg3 Qh7 30. Rag8 Bg5 1/2-1/2

[Event "25. Offene Herner Stadtmeisterschaft 2024"]
[Site "Herne-Sodingen"]
[Date "2024.02.19"]
[Round "3.18"]
[White "Ponto, Michael"]
[Black "Funke, Eckhard"]
[Result "1/2-1/2"]
[WhiteElo "1616"]
[BlackElo "1806"]
[PlyCount "75"]
[EventDate "2024.??.??"]
[WhiteTeam "SV Zeppelin Herne e. V."]
[BlackTeam "SV Günnigfeld 1922 e."]

1. e4 d5 2. exd5 Qxd5 3. Nc3 Qd6 4. d4 Nf6 5. Nf3 c6 6. h3 Bf5 7. Bd3 Bxd3 8. Qxd3 e6 9. O-O Be7 10. Ne2 O-O 11. c4 c5 12. Bf4 Qd8 13. Qc2 Nc6 14. dxc5 Bxc5 15. Rad1 Qb6 16. a3 a5 17. Nc3 Nd4 18. Nxd4 Bxd4 19. Nb5 e5 20. Bh2 Rfe8 21. Rfe1 Rad8 22. a4 Bc5 23. Rxd8 Qxd8 24. Rxe5 Rxe5 25. Bxe5 Qe7 26. Qf5 Nd7 27. Bc3 h6 28. Bxa5 Ne5 29. Bc3 Ng6 30. g3 b6 31. h4 Qe2 32. b4 Ne7 33. Qf4 Ng6 34. Qb8+ Bf8 35. Qxb6 Nxh4 36. gxh4 Qg4+ 37. Kf1 Qd1+ 38. Kg2 1/2-1/2

[Event "25. Offene Herner Stadtmeisterschaft 2024"]
[Site "Herne-Sodingen"]
[Date "2024.02.19"]
[Round "3.19"]
[White "Koch, Burkhard"]
[Black "Boost, Jürgen"]
[Result "1/2-1/2"]
[WhiteElo "1613"]
[BlackElo "1797"]
[PlyCount "77"]
[EventDate "2024.??.??"]
[WhiteTeam "SG Wanne"]
[BlackTeam "SC Gerthe 46 - Werne"]

1. e4 e5 2. Nf3 Nc6 3. Bb5 Nf6 4. O-O Bc5 5. d3 d6 6. c3 a6 7. Ba4 Ba7 8. h3 h6 9. Be3 Bxe3 10. fxe3 O-O 11. Nbd2 Qe7 12. Qe1 b5 13. Bb3 Na5 14. Bc2 Rb8 15. Nh4 d5 16. exd5 Nxd5 17. Nf5 Bxf5 18. Rxf5 b4 19. c4 Nf6 20. Qg3 Nd7 21. Raf1 Rb6 22. Ne4 Rg6 23. Qf2 Nb7 24. d4 Nd6 25. Nxd6 Rxd6 26. c5 Rf6 27. c6 Nb8 28. d5 Rxf5 29. Qxf5 g6 30. Qg4 Qc5 31. Bxg6 Qxe3+ 32. Kh1 Qg5 33. Bf5 Qxg4 34. Bxg4 Kg7 35. Bf5 Rd8 36. Be4 a5 37. Rc1 f5 38. Bxf5 Rxd5 39. Rc2 1/2-1/2

[Event "25. Offene Herner Stadtmeisterschaft 2024"]
[Site "Herne-Sodingen"]
[Date "2024.02.19"]
[Round "3.20"]
[White "Jähnicke, Karl-Heinz"]
[Black "Bautz, Volker"]
[Result "0-1"]
[WhiteElo "1613"]
[BlackElo "1784"]
[PlyCount "70"]
[EventDate "2024.??.??"]
[WhiteTeam "SC Scharnhorst 2002"]
[BlackTeam "Bochumer SV 02"]

1. d4 Nf6 2. c4 c5 3. d5 b5 4. cxb5 e6 5. Nc3 exd5 6. Nxd5 Bb7 7. Nxf6+ Qxf6 8. e3 d5 9. Nf3 Bd6 10. Be2 Nd7 11. Qc2 O-O 12. Bd2 Rac8 13. Bd3 h6 14. Bf5 Rfd8 15. Ba5 Bc7 16. Bxc7 Rxc7 17. O-O Nb6 18. Rfd1 g6 19. Bh3 Nc4 20. Rab1 Nd6 21. a4 Ne4 22. Rd3 h5 23. a5 g5 24. Nd4 g4 25. f3 gxh3 26. fxe4 dxe4 27. Rdd1 Qg5 28. Nc6 Qxe3+ 29. Kh1 Rxd1+ 30. Rxd1 Bxc6 31. bxc6 Rxc6 32. Rg1 Rg6 33. Qd1 hxg2+ 34. Rxg2 Rxg2 35. Kxg2 Qg5+ 0-1

[Event "25. Offene Herner Stadtmeisterschaft 2024"]
[Site "Herne-Sodingen"]
[Date "2024.02.19"]
[Round "3.21"]
[White "Löffelbein, Klaus"]
[Black "Fenchel, Nils"]
[Result "0-1"]
[WhiteElo "1758"]
[BlackElo "1604"]
[PlyCount "54"]
[EventDate "2024.??.??"]
[WhiteTeam "SC Gerthe 46 - Werne"]
[BlackTeam "SC Buer-Hassel 1919 e. V."]

1. d4 Nf6 2. Nf3 g6 3. g3 Bg7 4. Bg2 O-O 5. O-O c5 6. d5 d6 7. Nc3 Nbd7 8. Re1 a6 9. a4 b6 10. e4 Bb7 11. Nd2 Qc7 12. Nc4 Rad8 13. f4 Ba8 14. e5 Ne8 15. exd6 Nxd6 16. Ne5 Rde8 17. Qe2 e6 18. dxe6 Rxe6 19. Nd5 Qd8 20. Qxa6 Nxe5 21. fxe5 Bxd5 22. Bxd5 Rxe5 23. Bf4 Rxd5 24. Rad1 Rxd1 25. Rxd1 Bd4+ 26. Kg2 Qe7 27. Bxd6 Qxd6 0-1

[Event "25. Offene Herner Stadtmeisterschaft 2024"]
[Site "Herne-Sodingen"]
[Date "2024.02.19"]
[Round "3.22"]
[White "Hielscher, Fabian"]
[Black "Steinke, Hans-Jörg"]
[Result "1-0"]
[WhiteElo "1736"]
[BlackElo "1573"]
[PlyCount "53"]
[EventDate "2024.??.??"]
[WhiteTeam "SV Wattenscheid 1930 e"]
[BlackTeam "SV Erkenschwick 1923 e"]

1. d4 d5 2. Nf3 Nf6 3. c4 e6 4. Bg5 Be7 5. Nc3 c6 6. e3 Nbd7 7. Qc2 O-O 8. a3 a6 9. cxd5 exd5 10. Bd3 Re8 11. O-O Ne4 12. Bxe4 Bxg5 13. Bxh7+ Kh8 14. Nxg5 Qxg5 15. Bd3 Nf6 16. Rfe1 Ng4 17. Re2 Re6 18. Bf5 Rh6 19. Bxc8 Rxc8 20. h3 Rxh3 21. Ree1 Rf3 22. Nd1 Re8 23. Kf1 Rf6 24. Re2 Rxe3 25. Nxe3 Nxe3+ 26. Rxe3 Qxe3 27. Re1 1-0

[Event "25. Offene Herner Stadtmeisterschaft 2024"]
[Site "Herne-Sodingen"]
[Date "2024.02.19"]
[Round "3.23"]
[White "Schneider, Timo"]
[Black "Sikorski, Thomas"]
[Result "0-1"]
[WhiteElo "1585"]
[BlackElo "1728"]
[PlyCount "56"]
[EventDate "2024.??.??"]
[WhiteTeam "SV Datteln 1924"]
[BlackTeam "SK Sodingen/Castrop 24/23 e. V."]

1. c4 c6 2. Nc3 d6 3. d4 Nd7 4. Nf3 e5 5. dxe5 dxe5 6. g3 Ngf6 7. Bg2 Be7 8. O-O O-O 9. Qd3 Qc7 10. Rd1 Rd8 11. Ne4 Nxe4 12. Qxe4 Nf6 13. Rxd8+ Qxd8 14. Qc2 e4 15. Ng5 Bf5 16. Be3 Ng4 17. Rd1 Qa5 18. Nxe4 Nxe3 19. fxe3 Qxa2 20. Nf6+ Bxf6 21. Qxf5 Qxb2 22. Kf2 g6 23. Qf4 Qe5 24. Rb1 Qxf4+ 25. exf4 a5 26. Rxb7 a4 27. Bxc6 a3 28. Rxf7 Kxf7 0-1

[Event "25. Offene Herner Stadtmeisterschaft 2024"]
[Site "Herne-Sodingen"]
[Date "2024.02.19"]
[Round "3.24"]
[White "Baumeister, Sven"]
[Black "Mayeres, Hans-Christian"]
[Result "1/2-1/2"]
[WhiteElo "1544"]
[BlackElo "1708"]
[PlyCount "97"]
[EventDate "2024.??.??"]
[WhiteTeam "SV Datteln 1924"]
[BlackTeam "SC Recklinghausen Altsta"]

1. e4 g6 2. d4 Bg7 3. c3 d6 4. Be3 Nf6 5. Bd3 a6 6. Nf3 b5 7. O-O Bb7 8. Nbd2 Nbd7 9. Qc2 c5 10. Rfe1 cxd4 11. cxd4 Rc8 12. Qb3 O-O 13. a4 Rb8 14. axb5 axb5 15. d5 Nc5 16. Bxc5 dxc5 17. Qxb5 Bxd5 18. Qxc5 Be6 19. Bb5 Nd7 20. Bxd7 Qxd7 21. Ra7 Rb7 22. Rxb7 Qxb7 23. b4 Rc8 24. Qa5 Bc3 25. Rb1 Qd7 26. Nf1 Qd3 27. Rc1 Qxe4 28. Ng5 Qf4 29. Ne3 Bxb4 30. Rxc8+ Bxc8 31. Qd8+ Kg7 32. Nh3 Bxh3 33. gxh3 Bd6 34. Qd7 Qxh2+ 35. Kf1 e6 36. Ke2 Bg3 37. Ng4 Qxh3 38. Qd4+ e5 39. Nxe5 Bxe5 40. Qxe5+ Kh6 41. Qf4+ Kh5 42. Qxf7 Qg4+ 43. Kf1 h6 44. f3 Qg3 45. Qd5+ g5 46. Qe4 Qf4 47. Qe8+ Kh4 48. Qe1+ Qg3 49. Qe4+ 1/2-1/2

[Event "25. Offene Herner Stadtmeisterschaft 2024"]
[Site "Herne-Sodingen"]
[Date "2024.02.19"]
[Round "3.25"]
[White "Wiese, Thomas"]
[Black "Lojack, Rouven"]
[Result "0-1"]
[WhiteElo "1699"]
[BlackElo "1531"]
[PlyCount "60"]
[EventDate "2024.??.??"]
[WhiteTeam "SV Kamen 1930"]
[BlackTeam "SV Königsspringer Halt"]

1. e4 c5 2. Nf3 Nc6 3. d4 cxd4 4. Nxd4 Nf6 5. Nc3 a6 6. Be3 e5 7. Nb3 Be7 8. Be2 d6 9. f3 O-O 10. Nd5 Nxd5 11. exd5 Na5 12. Nd2 b5 13. b4 Nb7 14. a4 bxa4 15. Rxa4 a5 16. Nc4 Bd7 17. Bb6 Qe8 18. Ra1 axb4 19. Rb1 Rc8 20. Rxb4 Nc5 21. Bxc5 Rxc5 22. O-O Rb5 23. c3 Rxb4 24. cxb4 Qb8 25. Qb3 Bb5 26. Rd1 Qa7+ 27. Kh1 Ra8 28. Bf1 Ba4 29. Qb1 Bxd1 30. Qxd1 Qa1 0-1

[Event "25. Offene Herner Stadtmeisterschaft 2024"]
[Site "Herne-Sodingen"]
[Date "2024.02.19"]
[Round "3.26"]
[White "Breimann, Tobias"]
[Black "Ptaszyk, Henning"]
[Result "0-1"]
[WhiteElo "1287"]
[BlackElo "1652"]
[PlyCount "72"]
[EventDate "2024.??.??"]
[WhiteTeam "SV Waltrop 1922 e. V."]
[BlackTeam "SK Sodingen/Castrop 24/23 e. V."]

1. e4 c5 2. c3 Nf6 3. e5 Nd5 4. Nf3 e6 5. Bc4 Nb6 6. Bb3 d6 7. d4 cxd4 8. Qxd4 Nc6 9. Qf4 Be7 10. O-O Nxe5 11. Nxe5 dxe5 12. Qxe5 Bf6 13. Qe4 O-O 14. Bc2 g6 15. Rd1 Qe7 16. Be3 Nd5 17. Bh6 Rd8 18. Nd2 b5 19. Rab1 Bb7 20. Qg4 Bh8 21. h4 Nf6 22. Qg5 Rd5 23. Qg3 Rh5 24. Bg5 h6 25. Bxf6 Bxf6 26. Nf3 Bxh4 27. Nxh4 Qxh4 28. Qxh4 Rxh4 29. Rd7 Bd5 30. Bd3 a6 31. Rc7 Bxa2 32. Ra1 Bc4 33. Bxc4 Rxc4 34. Rxc4 bxc4 35. Ra4 Rb8 36. Rxc4 Rxb2 0-1

[Event "25. Offene Herner Stadtmeisterschaft 2024"]
[Site "Herne-Sodingen"]
[Date "2024.02.19"]
[Round "3.27"]
[White "Schicktanz, Florian"]
[Black "Landwehr, Ingo"]
[Result "1-0"]
[WhiteElo "1725"]
[BlackElo "1504"]
[PlyCount "89"]
[EventDate "2024.??.??"]
[WhiteTeam "SV Erkenschwick 1923 e"]
[BlackTeam "Bochumer SV 02"]

1. c4 e5 2. Nc3 Nf6 3. g3 c6 4. e4 d5 5. exd5 cxd5 6. cxd5 Nxd5 7. a3 Nxc3 8. bxc3 Bc5 9. Bg2 Qf6 10. Qf3 Nd7 11. Qxf6 Nxf6 12. Nf3 O-O 13. Nxe5 Re8 14. d4 Nd7 15. O-O Nxe5 16. dxc5 Bd7 17. Bxb7 Rab8 18. Bd5 Nd3 19. c6 Nxc1 20. Raxc1 Be6 21. c4 Kf8 22. Rb1 Ke7 23. c7 Rbc8 24. Bxe6 fxe6 25. Rb7 Kd7 26. Rd1+ Kc6 27. Rxa7 Rxc7 28. Rxc7+ Kxc7 29. Kg2 Kc6 30. Rb1 Ra8 31. Re1 Kd6 32. c5+ Kxc5 33. Rxe6 Rxa3 34. Re7 Ra6 35. Rxg7 h6 36. f4 Kd5 37. Kh3 Ke4 38. Kg4 Rb6 39. Re7+ Kd5 40. f5 Rf6 41. Re6 Rxe6 42. fxe6 Kxe6 43. Kh5 Kf7 44. Kxh6 Kg8 45. g4 1-0

[Event "25. Offene Herner Stadtmeisterschaft 2024"]
[Site "Herne-Sodingen"]
[Date "2024.02.19"]
[Round "3.28"]
[White "Krolik, Wilfried"]
[Black "Waldschmidt, Georg"]
[Result "0-1"]
[WhiteElo "1510"]
[BlackElo "2090"]
[PlyCount "42"]
[EventDate "2024.??.??"]
[WhiteTeam "SV Waltrop 1922 e. V."]
[BlackTeam "SK Sodingen/Castrop 24/23 e. V."]

1. e4 e5 2. Nf3 Nc6 3. Bb5 a6 4. Ba4 Nf6 5. d3 b5 6. Bb3 Be7 7. c3 O-O 8. O-O d5 9. exd5 Nxd5 10. h3 Bf5 11. Re1 Bf6 12. Bc2 Nb6 13. Be3 Qd7 14. Qe2 Rfe8 15. Rd1 Rad8 16. Ne1 Nd4 17. cxd4 exd4 18. Qd2 dxe3 19. fxe3 Bxb2 20. Nc3 Bxa1 21. Rxa1 Nc4 0-1